[Event "MTO"]
[Site "Biel SUI"]
[Date "2010.07.22"]
[Round "4"]
[White "Pelletier,Y"]
[Black "Donchenko,An"]
[Result "1/2-1/2"]
[WhiteElo "2589"]
[BlackElo "2378"]
[EventDate "2010.07.19"]

1. c4 e6 2. d4 d5 3. Nc3 Nf6 4. cxd5 exd5 5. Bg5 Be7 6. e3 Nbd7 7. Bd3 Nf8
8. Qc2 g6 9. Nf3 Ne6 10. Bh4 O-O 11. O-O c6 12. Rab1 a5 13. a3 Ne8 14. Bxe7
Qxe7 15. b4 axb4 16. axb4 b5 17. e4 Nf4 18. Rfe1 Nxd3 19. Qxd3 dxe4 20.
Qxe4 Qxe4 21. Nxe4 Bf5 22. Ne5 Bxe4 23. Rxe4 Nf6 24. Ree1 Ra6 25. Rec1 Rc8
26. g3 Nd5 27. Rc5 Ne7 28. Rbc1 Rd8 29. Nf3 Ra4 30. Re1 Rd7 31. Ne5 Rxd4
32. Nxc6 Nxc6 33. Rxc6 Raxb4 34. Re7 Rd8 1/2-1/2

[Event "MTO"]
[Site "Biel SUI"]
[Date "2010.07.22"]
[Round "4"]
[White "Kosintseva,N"]
[Black "Golod,V"]
[Result "1/2-1/2"]
[WhiteElo "2551"]
[BlackElo "2585"]
[EventDate "2010.07.19"]

1. e4 e5 2. Nf3 Nc6 3. Bb5 Bc5 4. c3 Nf6 5. O-O O-O 6. d3 Re8 7. b4 Bf8 8.
Bc4 d6 9. Ng5 Re7 10. Qb3 Qe8 11. a4 h6 12. Nf3 Be6 13. Nbd2 Rd8 14. Ba3 d5
15. exd5 Bxd5 16. Qc2 Bxc4 17. Nxc4 e4 18. dxe4 Rxe4 19. Rfe1 Qe6 20. Rxe4
Qxe4 21. Qxe4 Nxe4 22. Bb2 Nd6 23. Nxd6 Bxd6 24. Kf1 1/2-1/2

[Event "MTO"]
[Site "Biel SUI"]
[Date "2010.07.22"]
[Round "4"]
[White "Mensch,E"]
[Black "Maze,S"]
[Result "1-0"]
[WhiteElo "2366"]
[BlackElo "2573"]
[EventDate "2010.07.19"]

1. c4 Nf6 2. g3 g6 3. Bg2 Bg7 4. Nc3 O-O 5. e4 d6 6. d3 c5 7. Nge2 Nc6 8.
O-O Ne8 9. Be3 Nd4 10. Rb1 Bg4 11. f3 Bd7 12. b4 b6 13. Qd2 Nc7 14. f4 Rc8
15. b5 e6 16. a4 f5 17. exf5 gxf5 18. Bxd4 cxd4 19. Na2 e5 20. Nb4 Ne6 21.
Bd5 Kh8 22. Nc6 Bxc6 23. Bxe6 Bd7 24. Bd5 Qe7 25. Rbe1 Qf6 26. Kh1 Be8 27.
Ng1 Bg6 28. Nf3 Rce8 29. Bc6 e4 30. Nh4 Re7 1-0

[Event "MTO"]
[Site "Biel SUI"]
[Date "2010.07.22"]
[Round "4"]
[White "Kamber,B"]
[Black "Kaplan,S"]
[Result "0-1"]
[WhiteElo "2302"]
[BlackElo "2422"]
[EventDate "2010.07.19"]

1. e4 c5 2. Nf3 e6 3. c4 b6 4. d4 cxd4 5. Nxd4 d6 6. Nc3 Nf6 7. Be3 Bb7 8.
f3 Be7 9. Be2 O-O 10. O-O Nbd7 11. a3 a6 12. Rc1 Qc7 13. Qe1 Rfe8 14. Qf2
Rac8 15. Rfd1 Qb8 16. b4 Bd8 17. Kh1 Bc7 18. Qg1 Kh8 19. Na4 d5 20. exd5
exd5 21. c5 b5 22. Nc3 Rxe3 23. Qxe3 Bxh2 24. Nf5 Bf4 25. Qd4 Nf8 26. g3
Ne6 27. Qg1 Bxc1 28. Rxc1 d4 29. Nd6 dxc3 30. Rxc3 Rc7 31. Qc1 Ne8 32. Nf5
g6 33. Ne3 Nd4 34. Bd1 Qa7 35. c6 Bxc6 36. Nd5 Bxd5 37. Rxc7 Nxc7 0-1

[Event "MTO"]
[Site "Biel SUI"]
[Date "2010.07.22"]
[Round "4"]
[White "Gleizerov,E"]
[Black "Eichhorn,An"]
[Result "1-0"]
[WhiteElo "2573"]
[BlackElo "2294"]
[EventDate "2010.07.19"]

1. d4 e6 2. c4 f5 3. g3 Nf6 4. Bg2 c6 5. Nh3 d6 6. O-O Be7 7. b3 O-O 8. Bb2
Qc7 9. Nd2 e5 10. e4 f4 11. gxf4 Bg4 12. f3 Bxh3 13. Bxh3 Nh5 14. Be6+ Kh8
15. f5 Nf4 16. Kh1 Na6 17. d5 Nc5 18. Nb1 Ncd3 19. Bc1 Bd8 20. Be3 Qe7 21.
Nc3 Bb6 22. Bxb6 axb6 23. Ne2 Rf6 24. Nxf4 Nxf4 25. Rg1 Rh6 26. Rg4 Rh4 27.
Qg1 c5 28. a4 Rf8 29. Qg3 Rh3 30. Qf2 h5 31. Rxf4 exf4 32. Rg1 Rh4 33. Qe1
Kh7 34. e5 dxe5 35. d6 Qd8 36. Qxe5 Rf6 37. d7 Rh3 38. Qxf4 Qe7 39. Qg5 g6
40. fxg6+ 1-0

[Event "MTO"]
[Site "Biel SUI"]
[Date "2010.07.22"]
[Round "4"]
[White "Cebalo,M"]
[Black "Rasch,H"]
[Result "1/2-1/2"]
[WhiteElo "2500"]
[BlackElo "2264"]
[EventDate "2010.07.19"]

1. d4 Nf6 2. c4 c5 3. d5 e6 4. Nc3 exd5 5. cxd5 d6 6. e4 g6 7. f4 Bg7 8.
Bb5+ Nfd7 9. Bd3 Qh4+ 10. g3 Qe7 11. Nf3 O-O 12. O-O Nb6 13. Kg2 Bg4 14. h3
Bxf3+ 15. Qxf3 N8d7 16. Bd2 c4 17. Bc2 Nc5 18. Rae1 Nbd7 19. h4 b5 20. h5
b4 21. Nd1 a5 22. Ne3 b3 23. axb3 cxb3 24. Bb1 a4 25. Nc4 Rab8 26. e5 dxe5
27. f5 g5 28. h6 Bf6 29. d6 Qd8 30. Rh1 Kh8 31. Rh5 Rg8 32. Qd5 Qc8 33.
Nxe5 Nxe5 34. Rxe5 Qb7 35. Qxb7 Nxb7 36. Bc3 Nxd6 37. Rh1 Nc4 38. Rc5 Bxc3
39. Rxc4 Bxb2 40. Rxa4 Rgd8 41. Re1 Kg8 42. Kf3 Rb6 43. Rd1 Rf8 44. Kg4
Rxh6 1/2-1/2

[Event "MTO"]
[Site "Biel SUI"]
[Date "2010.07.22"]
[Round "4"]
[White "Bok,B"]
[Black "Satta,V"]
[Result "1-0"]
[WhiteElo "2449"]
[BlackElo "2255"]
[EventDate "2010.07.19"]

1. e4 e6 2. d4 d5 3. Nd2 c5 4. exd5 Qxd5 5. dxc5 Bxc5 6. Ngf3 Nf6 7. Bc4
Qd6 8. O-O O-O 9. Bd3 Rd8 10. Qe2 Nbd7 11. Rd1 Qc7 12. Ne4 Be7 13. Nxf6+
Nxf6 14. Bg5 Bd7 15. Ne5 Be8 16. Re1 h6 17. Bh4 Nd5 18. Bxe7 Qxe7 19. Be4
Rac8 20. Rad1 Nf6 21. Bf3 Qc7 22. c3 Nd7 23. Nxd7 Bxd7 24. Qe3 b6 25. Rd4
Be8 26. Red1 Rxd4 27. Qxd4 Kf8 28. h3 Qc5 29. Qd3 Kg8 30. Bb7 Rb8 31. Be4
Bb5 32. Qd8+ Qf8 33. Qc7 a6 34. Rd6 Rc8 35. Qxb6 Rb8 36. Qd4 Qe7 37. b3 e5
38. Qd2 Qh4 39. Qe3 Qe7 40. Rd1 Qa3 41. Qd2 1-0

[Event "MTO"]
[Site "Biel SUI"]
[Date "2010.07.22"]
[Round "4"]
[White "Nezad,H"]
[Black "Al Tamimi,H"]
[Result "1/2-1/2"]
[WhiteElo "2398"]
[BlackElo "2243"]
[EventDate "2010.07.19"]

1. e4 c6 2. d4 d5 3. Nc3 dxe4 4. Nxe4 Bf5 5. Ng3 Bg6 6. h4 h6 7. h5 Bh7 8.
Bd3 Bxd3 9. Qxd3 e6 10. Nf3 Nd7 11. Bf4 Qa5+ 12. Bd2 Bb4 13. a3 Bxd2+ 14.
Qxd2 Qxd2+ 15. Kxd2 Ngf6 16. c4 O-O-O 17. Kc3 Rhe8 18. Rad1 1/2-1/2

[Event "MTO"]
[Site "Biel SUI"]
[Date "2010.07.22"]
[Round "4"]
[White "Paikidze,N"]
[Black "Illijin,N"]
[Result "1-0"]
[WhiteElo "2346"]
[BlackElo "2225"]
[EventDate "2010.07.19"]

1. e4 c5 2. Nf3 e6 3. d4 cxd4 4. Nxd4 a6 5. Bd3 Nf6 6. O-O d6 7. Nc3 Nbd7
8. Be3 Be7 9. f4 Qc7 10. Qf3 Nc5 11. Kh1 b5 12. e5 Bb7 13. Qg3 Nh5 14. Qg4
g6 15. f5 dxe5 16. fxe6 f6 17. Bxg6+ hxg6 18. Qxg6+ Kd8 19. Nf5 Nxe6 20.
Rad1+ Nd4 21. Bxd4 exd4 22. Rxd4+ Kc8 23. Rh4 Bc5 24. Rxh5 Rxh5 25. Qxh5
Kb8 26. Qg4 Ka7 27. Ne4 Rh8 28. h3 Bf8 29. Nxf6 Qxc2 30. Nd7 Ka8 31. Ne3
Qd3 32. Rxf8+ Rxf8 33. Nxf8 Qxe3 34. b3 Ka7 35. Ne6 Qe1+ 36. Kh2 Qe5+ 37.
Nf4 a5 38. h4 a4 39. h5 Bc8 40. Qh4 a3 41. h6 Bf5 42. h7 Qh8 43. Qe7+ Ka8
44. Qxa3+ Kb7 45. Qe7+ Ka8 46. Qc7 Qxh7+ 47. Qxh7 Bxh7 48. b4 Kb7 49. Kg3
Kc6 50. Kf3 Kd6 51. Ke3 Bf5 52. Kd4 Bg4 53. Nd3 Be6 54. a3 Bf5 55. Nc5 1-0

[Event "MTO"]
[Site "Biel SUI"]
[Date "2010.07.22"]
[Round "4"]
[White "Onoprienko,V"]
[Black "Efroimski,M"]
[Result "1-0"]
[WhiteElo "2343"]
[BlackElo "2169"]
[EventDate "2010.07.19"]

1. e4 c6 2. d4 d5 3. exd5 cxd5 4. Bd3 Nc6 5. c3 Nf6 6. h3 g6 7. Nf3 Bg7 8.
O-O Bf5 9. Bxf5 gxf5 10. Bf4 O-O 11. Ne5 Rc8 12. Nd2 e6 13. Re1 Ne4 14.
Ndf3 Qe7 15. Nd3 Kh8 16. Nfe5 Rg8 17. Nxc6 bxc6 18. Qh5 c5 19. f3 Nf6 20.
Qh4 cxd4 21. cxd4 Qb7 22. Be5 Nd7 23. Qe7 Rc2 24. Rac1 Qc8 25. Bxg7+ Rxg7
26. g4 fxg4 27. hxg4 h5 28. Qh4 Qc4 29. Rxc2 Qxc2 30. Nf4 Qxb2 31. Nxh5
Qxd4+ 32. Kh1 Qd3 33. Nf6+ Rh7 34. Qxh7+ Qxh7+ 35. Nxh7 Kxh7 36. Rc1 Ne5
37. Rc7 a5 38. Ra7 Kg6 39. Rxa5 Nxf3 40. a4 f5 41. Rb5 Nd4 42. Rb6 f4 43.
a5 f3 44. a6 Kg5 45. a7 1-0

[Event "MTO"]
[Site "Biel SUI"]
[Date "2010.07.22"]
[Round "4"]
[White "Domont,A"]
[Black "Kleibaumhueter,K"]
[Result "1-0"]
[WhiteElo "2328"]
[BlackElo "2097"]
[EventDate "2010.07.19"]

1. e4 e6 2. Qe2 c5 3. Nf3 Nc6 4. g3 Nf6 5. Bg2 d5 6. exd5 Nxd5 7. O-O Be7
8. Rd1 O-O 9. Nc3 Nc7 10. d3 Re8 11. Bf4 Bf6 12. Ne4 e5 13. Be3 b6 14. c3
Be7 15. d4 Ba6 16. Qc2 exd4 17. cxd4 Nb4 18. Qb1 c4 19. a3 Nd3 20. Nc3 Bf6
21. b3 b5 22. Ne5 Bxe5 23. dxe5 Rxe5 24. a4 b4 25. bxc4 Bxc4 26. Bxa8 Nxa8
27. Qxb4 Qc8 28. Rxd3 1-0

[Event "MTO"]
[Site "Biel SUI"]
[Date "2010.07.22"]
[Round "4"]
[White "De Groote,E"]
[Black "Meier,V"]
[Result "1/2-1/2"]
[WhiteElo "2251"]
[BlackElo "2304"]
[EventDate "2010.07.19"]

1. e4 c5 2. Nf3 e6 3. d4 cxd4 4. Nxd4 a6 5. Bd3 Bc5 6. Nb3 Be7 7. Be3 d6 8.
N1d2 Nd7 9. c3 Ngf6 10. f4 Qc7 11. g4 h6 12. Qe2 b6 13. O-O-O Bb7 14. h4 h5
15. g5 Ng4 16. Rhf1 Nxe3 17. Qxe3 O-O-O 18. Kb1 Kb8 19. Nc4 Rhe8 20. e5 d5
21. Ncd2 Nc5 22. Nxc5 bxc5 23. c4 g6 24. Nb3 a5 25. Qe1 a4 26. Na5 dxc4 27.
Nxc4 Rd4 28. Qe2 Red8 29. b3 Ba6 30. Kc2 Ka7 31. Be4 Bxc4 32. bxc4 Qa5 33.
Rxd4 cxd4 34. Qd3 Bc5 35. Rb1 Rb8 36. Rxb8 Kxb8 37. Kd1 Qc3 38. Qxc3 dxc3
39. Bc6 Bf2 40. Be8 Bxh4 41. Bxf7 Bg3 42. Bxg6 Bxf4 1/2-1/2

[Event "MTO"]
[Site "Biel SUI"]
[Date "2010.07.23"]
[Round "5"]
[White "Riazantsev,A"]
[Black "Feller,S"]
[Result "1-0"]
[WhiteElo "2682"]
[BlackElo "2611"]
[EventDate "2010.07.19"]

1. d4 Nf6 2. c4 e6 3. Nf3 d5 4. Nc3 Bb4 5. cxd5 exd5 6. Bg5 Nbd7 7. Qc2 c5
8. g3 cxd4 9. Nxd4 Qb6 10. Rd1 Ne4 11. Be3 Qa5 12. Bg2 Nxc3 13. bxc3 Bxc3+
14. Kf1 Bxd4 15. Bxd4 O-O 16. Qb2 f6 17. Bc3 Qc7 18. Bxd5+ Kh8 19. Bb4 Rd8
20. Kg2 Nb6 21. Bf3 Bd7 22. Be7 Bh3+ 23. Kxh3 Qxe7 24. Kg2 Rab8 25. Rxd8+
Qxd8 26. Qa3 a6 27. Rc1 h6 28. Qb4 Nd7 29. Qd6 Ne5 30. Qxd8+ Rxd8 31. Bxb7
Rd2 32. Rc8+ Kh7 33. Be4+ g6 34. Rc7+ Kh8 35. Rc2 Rd4 36. Bb7 a5 37. e3 Rb4
38. Bd5 a4 39. h3 Nd3 40. Rc3 Nb2 41. Kf3 f5 42. Ke2 Rb5 43. e4 Rb4 44. e5
1-0

[Event "MTO"]
[Site "Biel SUI"]
[Date "2010.07.23"]
[Round "5"]
[White "Lysyj,I"]
[Black "Mikhalevski,V"]
[Result "1/2-1/2"]
[WhiteElo "2631"]
[BlackElo "2610"]
[EventDate "2010.07.19"]

1. d4 Nf6 2. c4 g6 3. Nc3 d5 4. Bf4 Bg7 5. e3 c5 6. dxc5 Qa5 7. Rc1 dxc4 8.
Bxc4 O-O 9. Nf3 Qxc5 10. Bb3 Nc6 11. O-O Qa5 12. h3 Bf5 13. Qe2 Ne4 14.
Nxe4 Bxe4 15. Rfd1 Bxf3 16. Qxf3 Rad8 17. Rd5 Rxd5 18. Qxd5 Bxb2 19. Rc5
Qd8 20. Qe4 Qb6 21. Rd5 Rd8 22. Qd3 e6 23. Rd7 Bf6 24. Qd1 Na5 25. Ba4 Rxd7
26. Qxd7 Qd8 27. Bc7 Qxd7 28. Bxd7 b6 29. Kf1 Nb7 30. Bc6 Na5 31. Bb5 Kf8
32. Bd6+ Be7 33. Bb8 Bd8 34. Bd6+ Be7 35. Bb8 Bd8 36. Bd6+ Kg7 37. Bb4 Nb7
38. Ba6 Nc5 39. Bxc5 bxc5 40. Ke2 Ba5 41. Bc4 g5 42. f4 Kf6 43. Kf3 Bd2 44.
g4 h6 45. Ke4 Be1 46. Bb3 Kg6 47. Kf3 Kf6 48. Ke4 Ke7 49. Bc4 f6 50. Bb3
gxf4 51. exf4 Kd6 52. Bc4 Bd2 53. Bb3 a5 54. a4 h5 55. Bc4 hxg4 56. hxg4
1/2-1/2

[Event "MTO"]
[Site "Biel SUI"]
[Date "2010.07.23"]
[Round "5"]
[White "Mensch,E"]
[Black "Bauer,Ch"]
[Result "1/2-1/2"]
[WhiteElo "2366"]
[BlackElo "2612"]
[EventDate "2010.07.19"]

1. Nf3 c5 2. g3 Nc6 3. c4 g6 4. Bg2 Bg7 5. Nc3 b6 6. O-O Bb7 7. d3 d6 8.
Rb1 Qd7 9. a3 Bxc3 10. bxc3 f5 11. e4 Nf6 12. exf5 gxf5 13. Bg5 Ng4 14. d4
O-O-O 15. h3 Nf6 16. Bxf6 exf6 17. Qd2 Na5 18. Qf4 Rhe8 19. Nd2 Bxg2 20.
Kxg2 Re2 21. Kg1 Rde8 22. Rfd1 Qe6 23. Qf3 Kc7 24. Qf4 Kb7 25. Qf3+ Ka6 26.
Qf4 h5 27. h4 Rg8 28. Qf3 Nxc4 29. d5 Nxd2 30. Rxd2 Re1+ 31. Kg2 Qe4 32.
Rxe1 Qxe1 33. Qd3+ b5 34. Re2 c4 35. Qc2 Qa1 36. Re6 Qxa3 37. Rxf6 Rb8 38.
Rxf5 Qb3 39. Qc1 b4 40. cxb4 Rxb4 41. Rf3 c3 42. Rxc3 Qxd5+ 43. Kh2 Qd4 44.
Qc2 Qe5 45. Kg1 Rb1+ 46. Kh2 Rb4 47. Kg1 1/2-1/2

[Event "MTO"]
[Site "Biel SUI"]
[Date "2010.07.23"]
[Round "5"]
[White "Pavlovic,Milos"]
[Black "Ulibin,M"]
[Result "0-1"]
[WhiteElo "2534"]
[BlackElo "2540"]
[EventDate "2010.07.19"]

1. d4 e6 2. Nf3 f5 3. Bf4 Nf6 4. e3 g6 5. h3 Bg7 6. Nc3 d6 7. g4 Qe7 8.
gxf5 exf5 9. Bc4 Nbd7 10. Qe2 Nb6 11. Bb3 Be6 12. Bg5 O-O-O 13. h4 h6 14.
Bxf6 Bxf6 15. O-O-O Bd7 16. Rdg1 g5 17. hxg5 hxg5 18. Qd3 g4 19. Ne1 Rh3
20. Ng2 Rdh8 21. Rxh3 gxh3 22. Nf4 h2 23. Rh1 Qg7 24. Qd1 Bc6 25. Be6+ Kb8
26. Ncd5 Bg5 27. Nxb6 Bxh1 28. Nd7+ Ka8 29. Qxh1 Bxf4 30. Bd5 0-1

[Event "MTO"]
[Site "Biel SUI"]
[Date "2010.07.23"]
[Round "5"]
[White "Kaplan,S"]
[Black "Roiz,M"]
[Result "0-1"]
[WhiteElo "2422"]
[BlackElo "2645"]
[EventDate "2010.07.19"]

1. e4 c6 2. d4 d5 3. e5 Bf5 4. Be3 e6 5. Nd2 Nd7 6. Ngf3 h6 7. Be2 Ne7 8.
c3 Bh7 9. g4 c5 10. O-O Nc6 11. a3 a5 12. Ne1 Qb6 13. Qb3 Qa7 14. Qa4 Be7
15. f4 O-O 16. Ng2 f6 17. h4 Rac8 18. Kh2 Qb8 19. Kh3 cxd4 20. cxd4 Bd8 21.
Rac1 Bb6 22. Bb5 h5 23. Rxc6 bxc6 24. Bxc6 hxg4+ 25. Kg3 Nxe5 26. fxe5 fxe5
27. Qb5 Rxf1 28. Nxf1 Bxd4 29. Qxb8 Rxb8 30. Bd7 Bf5 31. Bxd4 exd4 0-1

[Event "MTO"]
[Site "Biel SUI"]
[Date "2010.07.23"]
[Round "5"]
[White "Donchenko,An"]
[Black "Kritz,L"]
[Result "0-1"]
[WhiteElo "2378"]
[BlackElo "2618"]
[EventDate "2010.07.19"]

1. Nf3 Nf6 2. c4 Nc6 3. d4 e6 4. a3 d6 5. Nc3 g6 6. d5 Nb8 7. e4 Bg7 8. Be2
O-O 9. O-O Re8 10. Qc2 Nbd7 11. Rb1 exd5 12. cxd5 Nc5 13. Nd2 a5 14. b4
axb4 15. axb4 Ncxe4 16. Ndxe4 Nxe4 17. Nxe4 Rxe4 18. Qxe4 Bf5 19. Qc4 Bxb1
20. Bg5 Qxg5 21. Rxb1 Qd2 22. Rd1 Qb2 23. b5 Ra2 24. Kf1 Bc3 25. Qd3 Ba5
26. g3 Bb6 27. h4 Qf6 28. f4 Qb2 29. Rb1 Qf6 30. Rd1 Bc5 31. Qe4 Ra3 32.
Rd3 Qa1+ 33. Kg2 Ra2 34. Kh3 Qb2 0-1

[Event "MTO"]
[Site "Biel SUI"]
[Date "2010.07.23"]
[Round "5"]
[White "Golod,V"]
[Black "Paikidze,N"]
[Result "1-0"]
[WhiteElo "2585"]
[BlackElo "2346"]
[EventDate "2010.07.19"]

1. d4 d5 2. c4 e6 3. Nf3 Nf6 4. Nc3 Bb4 5. Qa4+ Nc6 6. e3 dxc4 7. Bxc4 O-O
8. O-O a6 9. Qc2 Bd6 10. Rd1 Qe7 11. e4 e5 12. Bg5 Nb4 13. Qb3 exd4 14.
Rxd4 h6 15. Bxf6 gxf6 16. a3 Nc6 17. Nd5 Qd8 18. Rd2 Kg7 19. Qc3 Re8 20.
Re1 Bd7 21. Red1 Nb8 22. Nb6 Bxh2+ 23. Nxh2 cxb6 24. Qg3+ Kf8 25. Qf4 Qc8
26. Qxh6+ Ke7 27. Bxf7 Rh8 28. Qg6 1-0

[Event "MTO"]
[Site "Biel SUI"]
[Date "2010.07.23"]
[Round "5"]
[White "Nedilko,V"]
[Black "Gleizerov,E"]
[Result "1/2-1/2"]
[WhiteElo "2408"]
[BlackElo "2573"]
[EventDate "2010.07.19"]

1. d4 e6 2. c4 f5 3. g3 Nf6 4. Bg2 c6 5. Nd2 d5 6. Nh3 Bd6 7. O-O O-O 8.
Qc2 b6 9. Nf3 Ne4 10. Nf4 Qe7 11. Nd3 Ba6 12. cxd5 cxd5 13. Bf4 Rc8 14.
Bxd6 Qxd6 15. Qa4 Bxd3 16. exd3 Nf6 17. Rac1 Nc6 18. Rc3 Rc7 19. Rfc1 Rac8
20. Qc2 Ne8 21. Qe2 h6 22. Qe3 Nd8 23. Ne5 Kh7 24. Bf3 Nf6 25. h4 Rxc3 26.
Rxc3 Rxc3 1/2-1/2

[Event "MTO"]
[Site "Biel SUI"]
[Date "2010.07.23"]
[Round "5"]
[White "Hauchard,A"]
[Black "Domont,A"]
[Result "1-0"]
[WhiteElo "2526"]
[BlackElo "2328"]
[EventDate "2010.07.19"]

1. e4 c5 2. Nf3 Nc6 3. Bb5 g6 4. Bxc6 dxc6 5. d3 Bg7 6. Nc3 Nf6 7. Be3 b6
8. h3 Nd7 9. Qd2 h6 10. a3 a5 11. O-O e5 12. Nh2 Nf8 13. Na4 Rb8 14. b4
cxb4 15. axb4 b5 16. Nc5 a4 17. Qc3 Nh7 18. f4 Qe7 19. Nf3 f6 20. fxe5 fxe5
21. Na6 Bxa6 22. Qxc6+ Qd7 23. Qxg6+ Kd8 24. Qxa6 Bf6 25. Rad1 Ke7 26. Bc5+
Ke8 27. d4 Qc8 28. Qd6 1-0

[Event "MTO"]
[Site "Biel SUI"]
[Date "2010.07.23"]
[Round "5"]
[White "De Filomeno,S"]
[Black "Bok,B"]
[Result "0-1"]
[WhiteElo "2250"]
[BlackElo "2449"]
[EventDate "2010.07.19"]

1. e4 e5 2. Nf3 Nc6 3. Bb5 a6 4. Ba4 Nf6 5. O-O Be7 6. Re1 b5 7. Bb3 d6 8.
d3 Na5 9. Nbd2 O-O 10. Nf1 Nxb3 11. axb3 Re8 12. Bd2 Bf8 13. Bc3 g6 14. Ng3
Bg7 15. b4 Bb7 16. Re2 Nd7 17. d4 Qe7 18. Qd2 Nf8 19. Rae1 f6 20. Nf1 Ne6
21. g3 Qf7 22. d5 Nf8 23. Nh4 Nd7 24. Ne3 Nb6 25. f3 Rad8 26. Ng4 Kh8 27.
f4 c6 28. fxe5 dxe5 29. Qe3 Nc4 30. Nh6 Qe7 31. d6 Nxd6 32. b3 c5 33. bxc5
Nxe4 34. Bb4 Qe6 35. g4 Ng5 36. N4f5 gxf5 0-1

[Event "MTO"]
[Site "Biel SUI"]
[Date "2010.07.23"]
[Round "5"]
[White "Maze,S"]
[Black "Wyss,J"]
[Result "1-0"]
[WhiteElo "2573"]
[BlackElo "2258"]
[EventDate "2010.07.19"]

1. d4 d5 2. c4 c6 3. Nc3 Nf6 4. Nf3 e6 5. g3 dxc4 6. Bg2 Nbd7 7. a4 Bb4 8.
O-O O-O 9. Qc2 Ba5 10. e4 a6 11. h4 b5 12. e5 Nd5 13. Ng5 g6 14. h5 N7b6
15. Nce4 b4 16. b3 cxb3 17. Qxb3 Ra7 18. Nd6 Nc3 19. Nge4 Nxe4 20. Nxe4
Qxd4 21. Bb2 Qd8 22. Qe3 Nc4 23. Qh6 f5 24. Rad1 Qc7 25. Nf6+ Rxf6 26. exf6
Nxb2 27. hxg6 hxg6 28. Qxg6+ Kf8 29. Qh6+ Kg8 30. Rd4 Qh7 31. Qg5+ Kf7 32.
Bf3 e5 33. Rh4 Qxh4 34. gxh4 Rc7 35. Bh5+ Ke6 36. f7 1-0

[Event "MTO"]
[Site "Biel SUI"]
[Date "2010.07.23"]
[Round "5"]
[White "Lehmann,Marc"]
[Black "Cebalo,M"]
[Result "1/2-1/2"]
[WhiteElo "2302"]
[BlackElo "2500"]
[EventDate "2010.07.19"]

1. e4 c5 2. Nf3 d6 3. d4 cxd4 4. Nxd4 Nf6 5. Nc3 g6 6. f4 Nc6 7. Nxc6 bxc6
8. e5 Nd7 9. exd6 exd6 10. Be3 Be7 11. Be2 O-O 12. O-O Nf6 13. Qd2 Re8 14.
Bf3 d5 15. Bd4 Bf8 16. Rfe1 Be6 17. Rad1 Bg7 18. Na4 Qd6 19. Be5 Qf8 20.
Qd4 Nd7 21. Bxg7 Qxg7 22. Qxg7+ Kxg7 23. c4 Nf6 24. Nc3 Rab8 25. cxd5 cxd5
26. Nxd5 Rxb2 27. Nc7 Re7 28. Nxe6+ Rxe6 29. Rxe6 fxe6 30. Re1 Kf7 31. Re2
Rb4 32. Rc2 Ra4 33. g3 Nd5 34. Bd1 Rd4 35. Be2 Kf6 36. Bb5 h6 37. h4 a6 38.
Be2 Nb4 39. Rc4 Rd2 40. Rxb4 Rxe2 41. Ra4 Kf5 42. Kf1 Rc2 43. Rxa6 Rc3
1/2-1/2

[Event "MTO"]
[Site "Biel SUI"]
[Date "2010.07.23"]
[Round "5"]
[White "Rasch,H"]
[Black "Nezad,H"]
[Result "1-0"]
[WhiteElo "2264"]
[BlackElo "2398"]
[EventDate "2010.07.19"]

1. e4 c6 2. d4 d5 3. e5 Bf5 4. Nc3 e6 5. g4 Bg6 6. Nge2 c5 7. h4 f6 8. h5
Bf7 9. f4 Nc6 10. Be3 Nh6 11. Bh3 fxe5 12. fxe5 Be7 13. O-O O-O 14. Bf4
cxd4 15. Nxd4 Bc5 16. Nce2 Qh4 17. Kg2 Nxg4 18. Nf3 Qxh5 19. Ng3 Ncxe5 20.
Nxh5 Bxh5 21. Bxg4 Nxg4 22. Qd2 Rf5 23. Nd4 Bxd4 24. Qxd4 Rc8 25. c3 Rc4
26. Qxa7 Re4 27. Rae1 h6 28. Rxe4 dxe4 29. Qa8+ Kh7 30. Qxb7 Nf6 31. a4 Nd5
32. Bc1 Bf3+ 33. Kg3 Rf6 34. Kh2 Rf5 35. a5 h5 36. a6 Nf6 37. a7 Ng4+ 38.
Kg3 h4+ 39. Kxh4 1-0

[Event "MTO"]
[Site "Biel SUI"]
[Date "2010.07.23"]
[Round "5"]
[White "Kolbus,D"]
[Black "De Groote,E"]
[Result "1-0"]
[WhiteElo "2343"]
[BlackElo "2251"]
[EventDate "2010.07.19"]

1. c4 e6 2. Nf3 Nf6 3. g3 d5 4. b3 c5 5. Bg2 Nc6 6. O-O Be7 7. Bb2 O-O 8.
cxd5 exd5 9. d4 Bg4 10. Nc3 Re8 11. dxc5 Bxc5 12. Na4 Bf8 13. Rc1 Qe7 14.
Re1 Rad8 15. Nd4 Nxd4 16. Qxd4 Qb4 17. f3 Bf5 18. Nc5 Qxd4+ 19. Bxd4 b6 20.
Nd3 Ba3 21. Rcd1 Rc8 22. g4 Bg6 23. e3 Rc2 24. Nf4 Rxa2 25. Ra1 Rxa1 26.
Rxa1 Bd6 27. Nxg6 hxg6 28. Rxa7 Bc5 29. Kf2 g5 30. Rc7 Rb8 31. Bf1 Bd6 32.
Rc6 Bxh2 33. Rxb6 Rc8 34. Bd3 Nd7 35. Rb5 Ne5 36. Bf5 Rc1 37. Rb8+ 1-0

[Event "MTO"]
[Site "Biel SUI"]
[Date "2010.07.23"]
[Round "5"]
[White "Al Tamimi,H"]
[Black "Ootes,La"]
[Result "0-1"]
[WhiteElo "2243"]
[BlackElo "2315"]
[EventDate "2010.07.19"]

1. e4 d6 2. d4 Nf6 3. Nc3 g6 4. g3 Bg7 5. Bg2 O-O 6. h3 Nbd7 7. Nge2 Rb8 8.
a4 b6 9. O-O c5 10. Be3 Bb7 11. f4 cxd4 12. Bxd4 e5 13. Be3 Nc5 14. fxe5
dxe5 15. Qxd8 Rfxd8 16. Bg5 Ncd7 17. Nd5 Nxd5 18. exd5 f6 19. Be3 f5 20. c4
Nc5 21. b4 Nd3 22. a5 Rdc8 23. axb6 axb6 24. c5 bxc5 25. bxc5 Nxc5 26. Rfc1
Bf8 27. Ra7 Nd7 28. Rb1 Ba6 29. Rxb8 Nxb8 30. Nc1 Rxc1+ 0-1

[Event "MTO"]
[Site "Biel SUI"]
[Date "2010.07.23"]
[Round "5"]
[White "Meier,V"]
[Black "Bozinovic,Bog"]
[Result "1-0"]
[WhiteElo "2304"]
[BlackElo "2232"]
[EventDate "2010.07.19"]

1. e4 d5 2. exd5 Nf6 3. Bb5+ Nbd7 4. d4 Nxd5 5. Nf3 c6 6. Be2 Qc7 7. O-O e6
8. Re1 Be7 9. c4 N5f6 10. Nc3 O-O 11. Bg5 Rd8 12. Qc2 Nf8 13. Rad1 Ng6 14.
Bd3 b6 15. Ne4 Nxe4 16. Bxe4 Bxg5 17. Nxg5 Bb7 18. Bxg6 hxg6 19. Qe4 Bc8
20. Qh4 Bd7 21. d5 cxd5 22. cxd5 Bc8 23. Qh7+ Kf8 24. dxe6 Bxe6 25. Qh8+
Ke7 26. Rxe6+ fxe6 27. Qxg7+ Ke8 28. Qg8+ 1-0

[Event "MTO"]
[Site "Biel SUI"]
[Date "2010.07.23"]
[Round "5"]
[White "Partenheimer,A"]
[Black "Kamber,B"]
[Result "0-1"]
[WhiteElo "2186"]
[BlackElo "2302"]
[EventDate "2010.07.19"]

1. Nf3 g6 2. d4 Bg7 3. g3 Nf6 4. c4 O-O 5. Bg2 d6 6. O-O Nc6 7. Nc3 Bd7 8.
b3 e5 9. e3 Re8 10. d5 Ne7 11. e4 a6 12. a4 a5 13. Ne1 Bg4 14. f3 Bc8 15.
Nd3 Nd7 16. Be3 b6 17. Qd2 f5 18. b4 axb4 19. Nxb4 Rf8 20. Rfb1 f4 21. Bf2
Nc5 22. Nd3 Nb7 23. Nb4 h5 24. gxf4 exf4 25. Bh4 Na5 26. Nc6 Naxc6 27. dxc6
Be6 28. Nd5 Bxd5 29. cxd5 Bxa1 30. Rxa1 Kh7 31. Bg5 Rf7 32. Bh3 Qh8 33. Ra2
Qe5 34. Bh4 g5 35. Bf2 g4 36. Bd4 Qg5 37. Bf1 Ng6 38. fxg4 hxg4 39. Bd3 Ne5
40. Kh1 Rh8 41. a5 bxa5 42. Rxa5 Kg6 0-1

[Event "MTO"]
[Site "Biel SUI"]
[Date "2010.07.24"]
[Round "6"]
[White "Ulibin,M"]
[Black "Riazantsev,A"]
[Result "1/2-1/2"]
[WhiteElo "2540"]
[BlackElo "2682"]
[EventDate "2010.07.19"]

1. e4 c6 2. d4 d5 3. exd5 cxd5 4. Bd3 Nc6 5. c3 Nf6 6. h3 g6 7. Bf4 Bg7 8.
Nf3 O-O 9. O-O Bf5 10. Bxf5 gxf5 11. Nbd2 Ne4 12. Re1 e6 13. Nf1 Ne7 14.
Ne5 Ng6 15. Bh2 Qb6 16. Nd3 Rac8 17. Ng3 Nxg3 1/2-1/2

[Event "MTO"]
[Site "Biel SUI"]
[Date "2010.07.24"]
[Round "6"]
[White "Kosintseva,N"]
[Black "Lysyj,I"]
[Result "1-0"]
[WhiteElo "2551"]
[BlackElo "2631"]
[EventDate "2010.07.19"]

1. e4 e6 2. d4 d5 3. Nc3 Nf6 4. e5 Nfd7 5. f4 c5 6. Nf3 Nc6 7. Be3 a6 8.
Qd2 b5 9. a3 Qa5 10. Ra2 Qb6 11. g3 Rb8 12. Bg2 b4 13. axb4 Nxb4 14. Ra1
Qc7 15. O-O Nb6 16. b3 c4 17. Ne2 Bd7 18. g4 Be7 19. Ng3 cxb3 20. cxb3 Qc2
21. Rfc1 Qxd2 22. Bxd2 O-O 23. Bf1 Rfc8 24. Bxb4 Bxb4 25. Bxa6 Rxc1+ 26.
Rxc1 Na8 27. Nf1 Ba5 28. N1d2 Nc7 29. Be2 Nb5 30. Bxb5 Bxb5 31. Kf2 f6 32.
Ke3 Kf7 33. h4 Bb6 34. g5 h6 1-0

[Event "MTO"]
[Site "Biel SUI"]
[Date "2010.07.24"]
[Round "6"]
[White "Kritz,L"]
[Black "Golod,V"]
[Result "1-0"]
[WhiteElo "2618"]
[BlackElo "2585"]
[EventDate "2010.07.19"]

1. e4 e5 2. Nf3 Nc6 3. Bb5 Bc5 4. c3 Nf6 5. d4 Bb6 6. Nxe5 Nxe5 7. dxe5
Nxe4 8. Qg4 Bxf2+ 9. Ke2 Qh4 10. Qxg7 Rf8 11. Bh6 Bc5 12. Nd2 c6 13. g3
Qh5+ 14. g4 Qh3 15. Nxe4 Qg2+ 16. Kd3 Qf3+ 17. Kd2 Qg2+ 18. Be2 Qxe4 19.
Rhe1 Kd8 20. Bd3 Qd5 21. Bg5+ f6 22. exf6 Kc7 23. Bf4+ Kb6 24. g5 Qf3 25.
Bg3 a5 26. Qxh7 d6 27. Qe4 Qh5 28. b4 Qxg5+ 29. Bf4 Qxf6 30. bxc5+ dxc5 31.
Rab1+ Ka7 32. Bc7 b5 33. Rf1 Qg5+ 34. Bf4 Qg8 35. Qe7+ Ka6 36. Bxb5+ 1-0